[Event "Moscow-ch"]
[Site "Moscow"]
[Date "1996.??.??"]
[Round "3"]
[White "Korneev, Dm V"]
[Black "Kravets, Vladislav V"]
[Result "1-0"]
[WhiteElo "2145"]
[BlackElo "2310"]
[PlyCount "66"]
[EventDate "1996.08.??"]
[EventType "swiss"]
[EventRounds "11"]
[EventCountry "RUS"]
[SourceTitle "CBM 055 Extra"]
[Source "ChessBase"]
[SourceDate "1997.01.01"]
[SourceVersion "1"]
[SourceVersionDate "1997.01.01"]
[SourceQuality "1"]

1. e4 e6 2. d4 d5 3. Nc3 Bb4 4. e5 Ne7 5. a3 Bxc3+ 6. bxc3 c5 7. Qg4 Qc7 8. Bd3 cxd4 9. Ne2 Qxe5 10. cxd4 h5 11. Qh4 Qc7 12. 0-0 Nbc6 13. Bf4 Qd8 14. Qg3 Kf8 15. Bg5 f6 16. Bf4 g5 17. Bd2 Nf5 18. Bxf5 exf5 19. h4 f4 20. Qd3 Kf7 21. Rab1 b6 22. c4 Be6 23. hxg5 fxg5 24. Bxf4 gxf4 25. Nxf4 Qf6 26. cxd5 Bf5 27. Qc4 Na5 28. Qc7+ Qe7 29. Rbc1 Qxc7 30. Rxc7+ Kf6 31. Re1 Rhe8 32. Nxh5+ Kg5 33. Rxe8 Rxe8 1-0

[Event "Moscow-ch"]
[Site "Moscow"]
[Date "1996.??.??"]
[Round "5"]
[White "Kravets, Vladislav V"]
[Black "Glagolev, Boris"]
[Result "0-1"]
[WhiteElo "2310"]
[BlackElo "2055"]
[PlyCount "52"]
[EventDate "1996.08.??"]
[EventType "swiss"]
[EventRounds "11"]
[EventCountry "RUS"]
[SourceTitle "CBM 055 Extra"]
[Source "ChessBase"]
[SourceDate "1997.01.01"]
[SourceVersion "1"]
[SourceVersionDate "1997.01.01"]
[SourceQuality "1"]

1. c4 e6 2. Nf3 d5 3. b3 c5 4. e3 Nf6 5. Bb2 Be7 6. Be2 0-0 7. 0-0 b6 8. d4 Bb7 9. dxc5 bxc5 10. cxd5 Nxd5 11. Nbd2 Bf6 12. Ne5 Nc6 13. Nxc6 Bxc6 14. Bxf6 Qxf6 15. Qc2 Rac8 16. g3 Rfd8 17. a3 Nc3 18. Bg4 Bb5 19. Nc4 Nd5 20. Rfd1 Nb6 21. Nd6 Rxd6 22. Rxd6 Qxa1+ 23. Kg2 Qf1+ 24. Kf3 Qh1+ 25. Kf4 Nd5+ 26. Rxd5 Qxd5 0-1